|
|
|
|
| LEADER |
00000nla2a2200000 4500 |
| 001 |
657041 |
| 005 |
20251120150741.0 |
| 035 |
|
|
|a (RuTPU)RU\TPU\network\23521
|
| 035 |
|
|
|a RU\TPU\network\23520
|
| 090 |
|
|
|a 657041
|
| 100 |
|
|
|a 20171226d2017 k y0rusy50 ca
|
| 101 |
0 |
|
|a rus
|
| 102 |
|
|
|a RU
|
| 105 |
|
|
|a a z 101zy
|
| 135 |
|
|
|a drgn ---uucaa
|
| 181 |
|
0 |
|a i
|
| 182 |
|
0 |
|a b
|
| 200 |
1 |
|
|a Триботехнические свойства электропроводящих покрытий на основе системы Cu-Mo-S
|f С. Ю. Жарков [и др.]
|
| 203 |
|
|
|a Текст
|c электронный
|
| 225 |
1 |
|
|a Деградации тонких пленок и многослойных покрытий как иерархически организованных структур
|
| 300 |
|
|
|a Заглавие с экрана
|
| 463 |
|
1 |
|0 (RuTPU)RU\TPU\network\23304
|t Перспективные материалы с иерархической структурой для новых технологий и надежных конструкций
|o тезисы докладов Международной конференции, 9-13 октября 2017 г., Томск
|f Российская академия наук (РАН), Сибирское отделение (СО), Институт физики прочности и материаловедения (ИФПМ)
|v [С. 458-459]
|d 2017
|
| 610 |
1 |
|
|a электронный ресурс
|
| 610 |
1 |
|
|a труды учёных ТПУ
|
| 610 |
1 |
|
|a триботехнические свойства
|
| 610 |
1 |
|
|a электропроводящие покрытия
|
| 610 |
1 |
|
|a контактные устройства
|
| 610 |
1 |
|
|a износостойкость
|
| 610 |
1 |
|
|a электропроводность
|
| 610 |
1 |
|
|a антифрикционные покрытия
|
| 610 |
1 |
|
|a электрические сопротивления
|
| 701 |
|
1 |
|a Жарков
|b С. Ю.
|
| 701 |
|
1 |
|a Сергеев
|b В. П.
|c специалист в области материаловедения
|c профессор Томского политехнического университета, доктор технических наук
|f 1949-
|g Виктор Петрович
|3 (RuTPU)RU\TPU\pers\25827
|9 11700
|
| 701 |
|
1 |
|a Сергеев
|b О. В.
|
| 701 |
|
1 |
|a Калашников
|b М. П.
|c физик
|c инженер Томского политехнического университета
|g Марк Петрович
|3 (RuTPU)RU\TPU\pers\31797
|
| 712 |
0 |
2 |
|a Национальный исследовательский Томский политехнический университет
|c (2009- )
|9 26305
|
| 801 |
|
1 |
|a RU
|b 63413507
|c 20101016
|
| 801 |
|
2 |
|a RU
|b 63413507
|c 20171226
|g RCR
|
| 856 |
4 |
|
|u http://www.ispms.ru/files/Conference/2017_m/sb_tez_2017.pdf#page=459
|
| 942 |
|
|
|c CF
|